• 首页
  • 本馆介绍
  • 公告通知
  • 最新文献
  • 馆藏检索
  • 电子资源
  • 读者导购
  • 参考咨询
  • 我的图书馆
  • 登录
  • 详细信息显示
  • 放入我的书架
  • 预约/预借图书
  • 作者相关作品
  • 分类相关作品
  • 丛书相关作品
  • 出版社相关作品

书目信息

  • 表格格式
  • 工作单格式
  • 卡片格式
题名:
民间文学理论基础
    
 
作者: 吴蓉章 著
分册:  
出版信息: 成都   四川大学出版社  1987
页数: 340页
开本: 19cm
丛书名:
单 册:
中图分类: I057
科图分类:
主题词: 民间文学-文学理论 , 文学理论-民间文学
电子资源:
ISBN: 7-5614-0006-3
000 00694nam0 2200253 450
001 0187012051
005 20100712222107.0
010    @a7-5614-0006-3@dCNY1.56
011    @a7-5614-0006-3
091    @a10404.14
100    @a19951122d1987 em y0chiy0110 ea
101 0  @achi
102    @aCN@b510000
105    @ay z 000yy
106    @ar
200 1  @a民间文学理论基础@9Min Jian Wen Xue Li Lun Ji Chu @f吴蓉章著
210    @a成都@c四川大学出版社@d1987
215    @a340页@d19cm
606 0  @a民间文学-文学理论
606 0  @a文学理论-民间文学
690    @aI057@v3
701  0 @a吴蓉章@9wu rong zhang@c(女,@f1932.6~)@4著
801  0 @aCN@b91MARC@c20130904
905    @aBZT@dI057@e1@f1@sI057/1
    
    民间文学理论基础/吴蓉章著.-成都:四川大学出版社,1987
    340页;19cm
    
    
    ISBN 7-5614-0006-3:CNY1.56
    
●
相关链接 在五车中查询图书 在当当中查询图书 在豆瓣中查询图书


正题名:民间文学理论基础     索取号:I057/1         预约/预借

序号 登录号 条形码 馆藏地/架位号 状态 备注
1 2000143944   2000143944   旧书回溯/ [索取号:I057/1] 在馆    
山东省滨州职业学院图书馆 欢迎您!
大连网信软件有限公司© 版权所有